Influence of Driving Fluency on Economic and Ecological Aspects of Transport
Vplyv spôsobu jazdy a spotreby palív na životné prostredie. Odhad ekonomických a ekologických nákladov spomaľovania alebo zastavenia a následného zrýchľovania motorových vozidiel v mestskej doprave.
Saved in:
| Main Author: | |
|---|---|
| Other Authors: | , |
| Format: | Book Chapter |
| Language: | English |
| Subjects: | |
| Tags: |
No Tags, Be the first to tag this record!
|
MARC
| LEADER | 00000naa a2200000 4500 | ||
|---|---|---|---|
| 001 | 0256109 | ||
| 005 | 20220715120536.5 | ||
| 041 | 0 | |a eng | |
| 044 | |a SK | ||
| 245 | 1 | 0 | |a Influence of Driving Fluency on Economic and Ecological Aspects of Transport |c Oldrich Hyks, Kristyna Neubergová, Pavel Pribyl |
| 520 | |a Vplyv spôsobu jazdy a spotreby palív na životné prostredie. Odhad ekonomických a ekologických nákladov spomaľovania alebo zastavenia a následného zrýchľovania motorových vozidiel v mestskej doprave. | ||
| 610 | 2 | 0 | |a doprava |
| 610 | 2 | 0 | |a mestá |
| 610 | 2 | 0 | |a spotreba palív |
| 610 | 2 | 0 | |a ekológia |
| 100 | 1 | |a Hyks, Oldrich | |
| 700 | 1 | |a Neubergová, Kristyna | |
| 700 | 1 | |a Pribyl, Pavel | |